000
00279nam a2200109Ia 4500
008
200302s9999 xx 000 0 und d
100
_a
Ivo D. Drpic
245
_a
Sketching and Rendering Interior Spaces
260
_b
Waston-Guptill Publications
260
_c
1988
300
_a
176 P.,
999
_c
791
_d
791